=LDR 00000nam 2200000 4500 =001 INLIS000000000036226 =005 20240801114446 =035 ##$$a 0010-061300000036226 =008 240801################b##########0#ind## =041 ##$$a Ind =082 ##$$a 028.5 =090 ##$$a 028.5, Mar m =100 ##$$a Maryanto, Agus =245 1#$$a Masjid Menara Kudus /$c Agus Maryanto, Zainul Azzah =260 ##$$a Bandung :$b Oasis,$c 2011 =300 ##$$a 34 hlm : $b ilus ; $c 25 cm =650 #4$$a Bacaan anak-anak =850 ##$$a NBPNMAT =084 ##$$a 028.5 MAR m =020 ##$$a 978-979-025-936-2 =700 #$$a Zainul Azzah =990 ##$$a 21101655 =990 ##$$a 11401140 =990 ##$$a 21101654 =990 ##$$a 21101655